Maat lähimpänä Belgiaa - Statistics

Yleistilastot
  • Tätä visaa on pelattu 55 kertaa
  • Keskiarvotulos 16 / 20
Vastaustilastot
km maa % Oikein
0 Alankomaat
100%
0 Luxemburg
100%
0 Ranska
98%
0 Saksa
98%
254 Sveitsi
96%
426 Italia
89%
357 Itävalta
87%
595 Puola
87%
450 Tanska
87%
404 Tšekki
85%
734 Norja
83%
658 Ruotsi
83%
372 Liechtenstein
76%
785 Slovakia
76%
622 Irlanti
74%
668 Slovenia
65%
657 Monaco
61%
80 Yhdistynyt kuningaskunta
54%
731 Kroatia
41%
799 San Marino
41%
Ehtoja vastaavia visoja ei löytynyt
Tulosjakauma
Jokaisen tuloksen saaneiden osuus
Persentiili vastausten määrän mukaan
Tuloshistoriasi
Et ole pelannut tätä visaa